| 000 | 01091 a2200265 4500 | ||
|---|---|---|---|
| 003 | Nust | ||
| 005 | 20230908084645.0 | ||
| 010 | _a 2001274566 | ||
| 020 | _c0750646403 | ||
| 035 | _a(OCoLC)ocm43634155 | ||
| 040 | _cNust | ||
| 082 | 0 | 0 | _a629.89,IBR |
| 100 | 1 |
_aIbrahim, Dogan. _958160 |
|
| 245 | 1 | 0 |
_aMicrocontroller projects in C for the 8051 / _cDogan Ibrahim. |
| 260 |
_aOxford ; _aBoston : _bNewnes, _c2000. |
||
| 300 |
_aviii, 178 p. : _bill. ; _c24 cm. |
||
| 505 | _aMicrocomputer Systems (Page-1), Programming Micro-controllers In C (Page-15), Light Projects (Page-29), Sound Projects (Page-85), Temperature Projects (Page-107), RS232 Serial Communication Projects (Page-147). | ||
| 650 | 0 |
_aC (Computer program language) _91226 |
|
| 650 | 0 |
_aINTEL 8051 (Computer) _xProgramming. _999487 |
|
| 650 | 0 |
_aMicrocontrollers. _918076 |
|
| 650 | 0 | _aProgrammable controllers. | |
| 856 | 4 | 2 |
_3Publisher description _uhttp://www.loc.gov/catdir/description/els031/2001274566.html |
| 856 | 4 | 2 |
_3Table of contents _uhttp://www.loc.gov/catdir/toc/els031/2001274566.html |
| 942 |
_cREF _2ddc |
||
| 999 |
_c175941 _d175941 |
||